00791 2200301 4500001002100000005001500021035002000036007000300056008004100059040001700100100002100117245006100138250001100199300003300210020001900243041000800262082000800270084001400278090001800292260003300310650001600343850001000359990002400369990002400393990002400417990002400441990002400465INLIS00000000000244120260602072806 a0010-0220000292ta260602 0  aSBPUPADbind0 aRiwayat Attubani1 aPepatah Petitih dan Adat Minangkabau /cRiwayat Attubani aCet. 2 aii,199 hlm :bilus. ;c20 cm a978-14910574520 aind a302 a302 RIW p a302 RIW p 3-2 aPadang :bCreatespace,c2017 4aIlmu Sosial aPUPAD a34.345/DAK/DPK/2019 a34.346/DAK/DPK/2019 a34.347/DAK/DPK/2019 a34.348/DAK/DPK/2019 a34.348/DAK/DPK/2019